Choosing the Mode of Transport - Case Study of Bratislava Region

Analýza vzorcov dochádzania v rýchlo rastúcom bratislavskom prímestskom regióne s neoptimálnou rozvinutou infraštruktúrou. Štandardizovaný model s diskrétnou voľbou sa používa na odhad dopytu po individuálnej automobilovej doprave, ako aj pre verejné autobusy a vlaky a na získanie zodpovedajúcich el...

Full description

Saved in:
Bibliographic Details
Main Author: Dujava, Daniel
Other Authors: Kališ, Richard, 1991-
Format: Book Chapter
Language:English
Subjects:
Tags: Add Tag
No Tags, Be the first to tag this record!

MARC

LEADER 00000naa$a2200000$$$4500
001 0258752
005 20240502074109.0
041 0 |a eng 
044 |a SK 
245 1 0 |a Choosing the Mode of Transport - Case Study of Bratislava Region  |c Daniel Dujava, Richard Kališ 
520 |a Analýza vzorcov dochádzania v rýchlo rastúcom bratislavskom prímestskom regióne s neoptimálnou rozvinutou infraštruktúrou. Štandardizovaný model s diskrétnou voľbou sa používa na odhad dopytu po individuálnej automobilovej doprave, ako aj pre verejné autobusy a vlaky a na získanie zodpovedajúcich elasticít, pokiaľ ide o cestovné náklady, časy a príjmy. Zistenie nízkej miery substitúcie medzi dostupnými režimami. 
610 2 0 |a doprava 
610 2 0 |a štúdie prípadové 
610 2 0 |a regióny 
100 1 |a Dujava, Daniel 
700 1 |a Kališ, Richard, 1991-